000 00296nam a22001457a 4500
003 OSt
020 _aNA
040 _c0
082 _222
_a954
100 _aLobzang Pelden.
245 _aTshangsey zheypai drayang /
260 _bK. M. T. Press,
_cc2005.
300 _a0
_bill. ;
942 _2ddc
_cDZ
999 _c4501
_d4501